Nechcem písať do snehu Rozhovor so spisovateľom Petrom Glockom

Bibliographic Details
Other Authors: Ďurinová, Nataša, 1955- (Interviewer)
Format: Article
Language:Slovak
PhysicalDescription:Fot. 1.
Subjects:

MARC

LEADER 00000nab a2200000 a 4500
001 vtls000417221
003 SK-MaSNL
005 20260304025726.0
008 250310c1991 xo 0 slo
015 |a SNBRB19rr/mm-uuuuu 
035 |a CL0417346 
035 |a urn:nbn:sk:snk-abf1vz 
035 |a (urnnbn)urn:nbn:sk:snk:ar-005mg9 
035 |a (uuid)69091b9c-56a6-4e2c-b561-9b96cbbd6a25 
040 |a SNKBUCL  |b slo  |c SNKBUCL  |e AACR2 
041 0 |a slo 
044 |a xo  |c SK 
080 |a 82:929:885.4  |2 1981 
080 |a 929  |2 1981 
080 |a 885.4  |2 1981 
080 |a 929 Glocko, Peter  |2 1981 
100 1 |a Glocko, Peter,  |d 1946-2019  |4 ive  |9 89196 
245 1 0 |a Nechcem písať do snehu  |b Rozhovor so spisovateľom Petrom Glockom  |c Peter Glocko, Nataša Ďurinová 
300 |b Fot. 1. 
600 1 7 |a Glocko, Peter,  |d 1946-2019  |2 snkbucl  |9 89196 
655 7 |a rozhovory  |2 snkbucl  |9 31831 
655 7 |a články z novín a časopisov  |2 snkbucl  |9 267496 
655 7 |a články z odboru literárna veda a krásna literatúra  |2 snkbucl  |9 770045 
700 1 |a Ďurinová, Nataša,  |d 1955-  |4 ivr  |9 245392 
773 0 |t Zlatý máj  |g Roč. 35, č. 2 (1991), s. 75-77 
850 |a Slovenská národná knižnica v Martine  |a MTA001 
852 |a SNK  |b KIS3GCP 
958 |a OND 
958 |a BX 
958 |a RK 
958 |a LX 
958 |a article27 
992 |a RBX 
999 |c 2629421  |d 2631351